000 00469nam a2200181Ia 4500
001 23400
005 20260414150934.0
008 260414t2016||||xx |||||||||||||| ||spa||
041 _aESP
082 _a636.2966
_bE64
100 _aEnríquez Salas, Porfirio
_eAUT
245 0 _aLa alpaca suri de color :
_b¿una raza en proceso de extinción?
260 _c2016
300 _a258 páginas :
_c20 cm.
650 _aCNM
654 _aCCN
942 _cLIB
_dJUS
_fJUS
_2ddc
_n
999 _c23400
_d23400